Návrh opatrení pre efektívnejšie využívanie vnútropodnikovej dopravy v podniku, a.s. Púchov = A proposal on measures to be taken in order to use intra-company transport in Matador a.s. Púchov company more effectively : Bakalárska práca

Salvato in:
Dettagli Bibliografici
Autore principale: Lukáčová, Lucia (Autore)
Altri autori: Vajcík, Vladimír (xxx)
Natura: Manoscritto Libro
Lingua:slovacco
Pubblicazione: Trnava : STU v Bratislave MTF UPMK KM, 2007
Soggetti:
Tags: Aggiungi Tag
Nessun Tag, puoi essere il primo ad aggiungerne!!

MARC

LEADER 00000ntm a22000003a 4500
001 stu148275
005 20160719155708.7
008 071102s2007----xo------------------slo-d
040 |a STU  |b slo 
041 0 |a slo 
044 |a xo 
100 1 |a Lukáčová, Lucia  |4 aut 
245 1 |a Návrh opatrení pre efektívnejšie využívanie vnútropodnikovej dopravy v podniku, a.s. Púchov = A proposal on measures to be taken in order to use intra-company transport in Matador a.s. Púchov company more effectively :  |b Bakalárska práca 
260 |a Trnava :  |b STU v Bratislave MTF UPMK KM,  |c 2007 
300 |a 57 s  |c príl., 1 CD-ROM 
500 |a Odbor: priemyselné inžinierstvo a manažment 
650 7 |a doprava  |2 stusub 
650 7 |a zásoby  |2 stusub 
650 7 |a sklady  |2 stusub 
700 1 |a Vajcík, Vladimír  |4 xxx 
996 |b 284M066596  |c M*BP-2797  |l MMSKP  |s P  |a 0  |w stu148275_0001